000 00721nam a2200229 a 4500
001 4254
003 CO-ViMGA
008 141112s2004 ck r 000 u spa d
020 _a9686034595
040 _aCO-ViMGA
_bspa
_cCO-ViMGA
082 0 4 _aMEVIECAR.42 S245
100 1 _aSchmelkes, Corina
_954802
245 1 0 _aManual para la presentación de anteproyectos e informes de investigación (tesis)/
_cSchmelkes Corina
260 _aMexico D.F. :
_bHarla,
_c1988
300 _a214 p
490 _aTextos universitarios en ciencias sociales
590 _aDatos de inventario : 05645
650 1 4 _aANTEPROYECTOS
_954803
650 1 4 _aInvestigación - TECNICAS
650 1 4 _aPROYECTOS - ELABORACION
942 _2ddc
_cBK
999 _c16268
_d16268